| 000 | 00564nam a2200241 a 4500 | ||
|---|---|---|---|
| 001 | nice12345678 | ||
| 003 | IN_TiNIC | ||
| 005 | 20260116012418.0 | ||
| 008 | 050524s1981 boma grp 000 0 eng | ||
| 020 |
_a _c100 |
||
| 082 | 0 | 0 |
_a220.601 _bDOD |
| 100 | _aDodd, Norman | ||
| 245 | _aHermeneutics. | ||
| 260 |
_aBombay _bGospel Literature Service _c1981 |
||
| 300 | _a59p | ||
| 500 | _aincludes index and biblioraphy | ||
| 505 | 2 | _aindex | |
| 650 | _aBible-Commentaries | ||
| 700 | 1 | _aDodd, Norman | |
| 902 | _bSRS | ||
| 942 | _cBK | ||
| 999 |
_c6917 _d6917 |
||